| 000 | 00899nam a2200265 i 4500 | ||
|---|---|---|---|
| 001 | bgj | ||
| 100 | 1 |
_aHADFIELD, Jill _d(1952- ). |
|
| 245 | 1 | 0 |
_aSimple Listening Activities / _cJill Hadfield, Charles Hadfield. |
| 250 | _a[3rd impr.]. | ||
| 260 |
_aOxford : _bOxford University Press, _c2000. |
||
| 300 |
_a67 pp : _bill. ; _c27 cm. |
||
| 490 | 1 | _aOxford Basics | |
| 650 | 9 |
_aAudio-lingual method |(Language teaching) _xStudy and Teaching |(Elementary) |
|
| 650 | 9 |
_aAuditory perception in children _xCongresses |
|
| 650 | 9 |
_aAuditory perception in children _xStudy and teaching |(Elementary) |
|
| 650 | 9 |
_aListening _xStudy and teaching |(Elememtary) |
|
| 700 | 1 |
_aHADFIELD, Charles _d(1952- ). _eco-author |
|
| 830 | _aOxford Basics | ||
| 020 | _a0194421686 | ||
| 040 | _cBPK | ||
| 041 | 0 | _aeng | |
| 920 | _a0-19-442168-6 | ||
| 942 | _cKS | ||
| 008 | s uk f |000 0 eng | ||
| 999 |
_c48259 _d48259 |
||
| 856 |
_uhttp://koha.tu.koszalin.pl/cgi-bin/koha/opac-detail.pl?biblionumber=48259 _yKatalog online BPK |
||